Provinces of Peru with a Map - Statistics

General Stats
  • This quiz has been taken 1,114 times
  • The average score is 43 of 196
Answers on the Map
Answers color-coded by a green-red scale on the quiz's map according to % correct below.
 
Answer Stats
Region Province % Correct
Lima Province Lima
87%
Cusco Cusco
71%
Arequipa Arequipa
62%
Callao Callao
57%
Ica Ica
57%
Tacna Tacna
54%
La Libertad Trujillo
53%
Puno Puno
52%
Piura Piura
51%
Loreto Loreto
50%
Tumbes Tumbes
50%
Cajamarca Cajamarca
49%
San Martín San Martín
41%
Lambayeque Chiclayo
39%
Huánuco Huánuco
39%
Ica Nazca
39%
Loreto Ucayali
39%
Ancash Santa
38%
Huancavelica Huancavelica
37%
Junín Junín
37%
Lambayeque Lambayeque
36%
Junín Huancayo
35%
Ancash Huaraz
35%
Pasco Pasco
35%
La Libertad Bolívar
33%
Amazonas Chachapoyas
32%
Moquegua Ilo
32%
Ica Pisco
31%
Piura Sullana
30%
Cajamarca Jaén
29%
Apurímac Abancay
28%
Lima Barranca
28%
Lima Cañete
28%
Ica Chincha
28%
Piura Talara
28%
San Martín Moyobamba
27%
Apurímac Andahuaylas
26%
Lima Huaral
26%
Cajamarca Santa Cruz
26%
Junín Tarma
26%
Arequipa Camaná
25%
Arequipa Caravelí
25%
Cajamarca Chota
25%
Lambayeque Ferreñafe
25%
Pasco Oxapampa
25%
Cajamarca San Miguel
25%
Lima Canta
24%
Ancash Casma
24%
Arequipa Caylloma
24%
Ancash Huarmey
24%
Arequipa Islay
24%
Piura Paita
24%
Cajamarca San Marcos
24%
Cajamarca San Pablo
24%
Cajamarca Cajabamba
23%
Arequipa Castilla
23%
Cajamarca Celendín
23%
Cajamarca Cutervo
23%
Lima Huarochirí
23%
Arequipa La Unión
23%
Cajamarca San Ignacio
23%
Tacna Tarata
23%
La Libertad Virú
23%
Lima Yauyos
23%
Ancash Yungay
23%
Tumbes Zarumilla
23%
Amazonas Bagua
22%
Lima Cajatambo
22%
Lima Huaura
22%
Junín Jauja
22%
Loreto Maynas
22%
Lima Oyón
22%
Junín Satipo
22%
Cusco Urubamba
22%
Puno Azángaro
21%
Ayacucho Huamanga
21%
Madre de Dios Manu
21%
La Libertad Pacasmayo
21%
Ica Palpa
21%
Ancash Asunción
20%
Ancash Carhuaz
20%
La Libertad Chepén
20%
Arequipa Condesuyos
20%
Cusco Espinar
20%
Ancash Huaylas
20%
Cusco La Convención
20%
Huánuco Marañón
20%
La Libertad Otuzco
20%
La Libertad Pataz
20%
Loreto Putumayo
20%
La Libertad Santiago de Chuco
20%
Piura Sechura
20%
Madre de Dios Tambopata
20%
San Martín Tocache
20%
Loreto Alto Amazonas
19%
La Libertad Ascope
19%
Ancash Bolognesi
19%
Pasco Daniel Alcides Carrión
19%
Ayacucho Huanta
19%
Ancash Huari
19%
Ucayali Purús
19%
Cusco Anta
18%
Piura Ayabaca
18%
Tacna Candarave
18%
Junín Chanchamayo
18%
Junín Concepción
18%
Cajamarca Contumazá
18%
Moquegua General Sánchez Cerro
18%
Cajamarca Hualgayoc
18%
Piura Huancabamba
18%
Tacna Jorge Basadre
18%
Moquegua Mariscal Nieto
18%
Piura Morropón
18%
Ucayali Padre Abad
18%
Ancash Recuay
18%
La Libertad Sánchez Carrión
18%
Ayacucho Sucre
18%
Junín Yauli
18%
Ancash Aija
17%
Cusco Canchis
17%
Ucayali Coronel Portillo
17%
La Libertad Gran Chimú
17%
Apurímac Grau
17%
La Libertad Julcán
17%
Puno Melgar
17%
Ancash Ocros
17%
Ancash Pallasca
17%
Ancash Pomabamba
17%
Huánuco Puerto Inca
17%
Cusco Quispicanchi
17%
San Martín Rioja
17%
Ancash Sihuas
17%
Huánuco Ambo
16%
Ancash Antonio Raymondi
16%
Ucayali Atalaya
16%
Junín Chupaca
16%
Tumbes Contralmirante Villar
16%
San Martín El Dorado
16%
Huánuco Leoncio Prado
16%
Loreto Mariscal Ramón Castilla
16%
Loreto Requena
16%
Puno Sandia
16%
Puno San Román
16%
San Martín Bellavista
15%
Apurímac Chincheros
15%
Cusco Chumbivilcas
15%
Ancash Corongo
15%
Huánuco Dos de Mayo
15%
Cusco Paucartambo
15%
Madre de Dios Tahuamanu
15%
Amazonas Utcubamba
15%
Amazonas Bongará
14%
Cusco Canas
14%
Amazonas Condorcanqui
14%
Loreto Datem del Marañón
14%
Ancash Mariscal Luzuriaga
14%
Puno Moho
14%
Cusco Paruro
14%
Amazonas Rodríguez de Mendoza
14%
Cusco Acomayo
13%
Huancavelica Angaraes
13%
Cusco Calca
13%
Puno Carabaya
13%
Ancash Carlos Fermín Fitzcarrald
13%
Huancavelica Castrovirreyna
13%
Puno Chucuito
13%
Puno El Collao
13%
Huánuco Huacaybamba
13%
San Martín Huallaga
13%
Huánuco Huamalíes
13%
Ayacucho La Mar
13%
San Martín Lamas
13%
Puno Lampa
13%
Huánuco Lauricocha
13%
Ayacucho Lucanas
13%
Amazonas Luya
13%
San Martín Mariscal Cáceres
13%
Huánuco Pachitea
13%
Puno San Antonio de Putina
13%
Huánuco Yarowilca
13%
Puno Yunguyo
13%
Apurímac Aymaraes
12%
Ayacucho Cangallo
12%
Puno Huancané
12%
Ayacucho Parinacochas
12%
San Martín Picota
12%
Huancavelica Huaytará
11%
Ayacucho Páucar del Sara Sara
11%
Huancavelica Tayacaja
11%
Ayacucho Víctor Fajardo
11%
Ayacucho Vilcas Huamán
11%
Huancavelica Acobamba
10%
Apurímac Antabamba
10%
Huancavelica Churcampa
10%
Apurímac Cotabambas
10%
Ayacucho Huanca Sancos
9%
No matching quizzes found
Score Distribution
Percent of People with Each Score
Percentile by Number Answered
Your Score History
You have not taken this quiz